Fundamentos de física para profesionales de la salud.
Uloženo v:
| Hlavní autor: | |
|---|---|
| Další autoři: | , , |
| Médium: | Neznámo |
| Vydáno: |
Barcelona, España:
Elsevier,
2015.
|
| Témata: | |
| Tagy: |
Přidat tag
Žádné tagy, Buďte první, kdo vytvoří štítek k tomuto záznamu!
|
MARC
| LEADER | 00000 a2200000 4500 | ||
|---|---|---|---|
| 003 | CL-VaPUC | ||
| 005 | 20230823171431.0 | ||
| 008 | 230720t2015||||| |||| 00| 0 eng d | ||
| 999 | |c 441296 |d 441294 | ||
| 020 | |a 978-84-9022-117-4 | ||
| 040 | |c Pontificia Universidad Católica de Valparaíso | ||
| 082 | |a 612.014 NAJ 2015 | ||
| 100 | |a Nájera López, Alberto |9 883581 |e autor | ||
| 245 | 1 | |a Fundamentos de física para profesionales de la salud. | |
| 260 | |a Barcelona, España: |b Elsevier, |c 2015. | ||
| 300 | |a 174 páginas. | ||
| 500 | |a Contenido adicional en línea. | ||
| 583 | |k GC |c 20230720 | ||
| 650 | |a Biofísica |9 271309 | ||
| 650 | |a Ciencias de la salud |x Física |9 884007 | ||
| 650 | |a Fisiología médica |9 884008 | ||
| 700 | |a Arribas Garde, Enrique |e autor |9 883822 | ||
| 700 | |a Navarro López, Juan de Dios |e autor |9 883823 | ||
| 700 | |a Jiménez Díaz, Lydia |e autor |9 883824 | ||
| 942 | |2 ddc |c BK | ||
| 952 | |0 0 |1 0 |2 ddc |4 0 |6 612_014000000000000_NAJ_2015 |7 0 |8 A |9 590919 |a BIBCUR |b BIBCUR |c GEN |d 2023-07-19 |e 1 |g 51661.00 |i 5658078 |l 1 |o 612.014 NAJ 2015 |p 5658078 |r 2025-04-22 |s 2023-09-01 |t 1 |v 51661.00 |w 2023-07-19 |y BK |k KIN | ||
| 952 | |0 0 |1 0 |2 ddc |4 0 |6 612_014000000000000_NAJ_2015 |7 0 |8 A |9 591070 |a BIBCUR |b BIBCUR |c GEN |d 2023-08-01 |e 1 |g 53017.00 |i 5658225 |o 612.014 NAJ 2015 |p 5658225 |r 2025-04-22 |t 2 |v 53017.00 |w 2023-08-01 |y BK |k KIN | ||